01288nam a2200325 a 450000100100000000500170001000800410002702000150006804000250008308200180010811000280012624502170015426000520037130000270042349000430045050400560049350400300054965000250057965000290060465000310063365000250066465000280068970000340071770000400075170000360079170000360082770000260086370000300088983000430091900000464620251127082331.0090724s1997 dr a 001 0 spa d a8492389389 aDO-SdBNPbspacBNPHU a361.80bC379t2 aCentro Cultural Poveda.10aTalleres de animación sociocultural /cMonserrat Bobés í Solá, María del Pilar Cachofeiro Ramos, María del Frutos Dachs, María Neus Edo í Ximénes, Oliver Klein Bosquet, Blanca Pastó í Serra. aSanto Domingo :bCentro Cultural Poveda,c1997. a69 p. :bil. ;c27 cm.1 aCuadernos de Sociedad y Educaciónv7 aIncluye bibliografía y notas al pie de páginas. aBibliografía: p. 66-69. 4aAnimación cultural 4aParticipación cultural 0aDesarrollo de la comunidad 4aDinámica de grupos 0aParticipación social 1 aBobés í Solá, Monserrat1 aCachofeiro Ramos, María del Pilar1 aFrutos Dachs, María Isabel de1 aEdo í Ximénes, María Neus1 aKlein Bosquet, Oliver1 aPastó í Serra, Blanca 0aCuadernos de Sociedad y Educaciónn7